Export and its financing in the SME segment. Case study from Slovakia

Teoretické aspekty malých a stredných podnikov. Prístupy podnikateľov k exportným aktivitám a exportnému financovaniu vzhľadom na vplyv vybraných sociálno-ekonomických faktorov (pohlavie, úroveň vzdelania a vek) - výsledky prípadovej štúdie v slovenskom podnikateľskom prostredí z roku 2016.

Na minha lista:
Detalhes bibliográficos
Autor principal: Ključnikov, Aleksandr
Outros Autores: Popesko, Boris
Formato: Capítulo de Livro
Idioma:inglês
Assuntos:
Tags: Adicionar Tag
Sem tags, seja o primeiro a adicionar uma tag!

MARC

LEADER 00000nla a2200000 4500
001 0234767
005 20240417075123.8
041 0 |a eng 
044 |a CZ 
245 1 0 |a Export and its financing in the SME segment. Case study from Slovakia  |c Aleksandr Ključnikov, Boris Popesko 
520 |a Teoretické aspekty malých a stredných podnikov. Prístupy podnikateľov k exportným aktivitám a exportnému financovaniu vzhľadom na vplyv vybraných sociálno-ekonomických faktorov (pohlavie, úroveň vzdelania a vek) - výsledky prípadovej štúdie v slovenskom podnikateľskom prostredí z roku 2016. 
610 2 0 |a eximbanky 
610 2 0 |a vývoz 
610 2 0 |a financovanie 
610 2 0 |a financie podnikové 
610 2 0 |a podnikanie 
610 2 0 |a podnik 
610 2 0 |a podnik malý 
610 2 0 |a podnik stredný 
610 2 0 |a Slovensko 
610 2 0 |a štúdie prípadové 
100 1 |a Ključnikov, Aleksandr 
700 1 |a Popesko, Boris